| 000 | 01461nam a2200253Ii 4500 | ||
|---|---|---|---|
| 003 | JO-AjNU | ||
| 005 | 20240623132320.0 | ||
| 008 | 230605s9999||||xx |||||||||||||| ||und|| | ||
| 040 |
_aJO-AjNU _bara _erda _cJO-AjNU |
||
| 041 | _aara | ||
| 050 |
_aHG4028. _bC4.Q29374 2019 |
||
| 100 | 1 |
_aقواسمة، فاتن فايز _964874 _eمعد |
|
| 245 | 0 |
_aأثر هيكل الملكية وهيكل رأس المال على الأداء المالي للشركات المساهمة العامة الخدمية الأردنية : دراسة ميدانية = Impact of Ownership Structure and Capital Structure on the Performance of Jordanian Service Corporations : An Empirical Study / _cإعداد فاتن فايز قواسمة ؛ إشراف تركي راجي الزغول. |
|
| 260 |
_a _c2019 |
||
| 300 | _a115 ورقة | ||
| 336 |
_atext _btxt _2rdacontent |
||
| 337 |
_aunmediated _bn _2rdamedia |
||
| 338 |
_avolume _bnc _2rdacarrier |
||
| 500 | _aرسالة جامعية (ماجستير) .- جامعة اليرموك (إربد، الأردن)، كلية الإقتصاد والعلوم الإدارية، قسم المحاسبة، 2019. | ||
| 504 | _aتحتوي على مراجع باللغتين العربية والانجليزية | ||
| 650 | 4 | 0 |
_aراس المال-ادارة-ارباح-الاداء المالي-الشركات المساهمة-الاردن. _964876 |
| 700 | 1 |
_aالحمود، تركي راجي _964635 _eمشرف |
|
| 942 |
_2lcc _cTHS |
||
| 999 |
_c33046 _d33046 |
||